Beso, beso! / (Registro nro. 2271)

Detalles MARC
000 -CABECERA
Longitud fija campo de control 00970nam a2200289 a 4500
003 - • IDENTIFICADOR DELl NÚMERO DE CONTROL
Identificador del número de control CO-ViMGA
008 - • CÓDIGOS DE INFORMACIÓN DE LONGITUD FIJA
Códigos de información de longitud fija 141112s2004 ck r 000 u spa d
020 ## - • NÚMERO INTERNACIONAL NORMALIZADO PARA LIBROS
Número Internacional Normalizado para Libros (ISBN) 9789588445182
040 ## - FUENTE DE LA CATALOGACIÓN
Centro catalogador de origen CO-ViMGA
Lengua de catalogación spa
Centro transcriptor CO-ViMGA
041 ## - • CÓDIGO DE LENGUA
Código de lengua del texto/banda sonora o título independiente SPA
100 1# - • PUNTO DE ACCESO PRINCIPAL-NOMBRE DE PERSONA
Nombre de persona Wild, Margaret
245 10 - • TITULO PROPIAMENTE DICHO
Título Beso, beso! /
Mención de responsabilidad, etc. Margaret Wild ; ilustraciones Bridget Strevens - Marzo ; traducción Verónica Uribe
250 ## - • MENCIÓN DE EDICIÓN
Mención de edición 2a ed.
300 ## - • DESCRIPCIÓN FÍSICA
Extensión 22 p. : il. col. : il.
650 14 - • PUNTO DE ACCESO ADICIONAL DE MATERIA - TÉRMINO DE MATERIA
Término de materia o nombre geográfico como elemento inicial ANIMALES DE LA SELVA - LIBROS DE IMAGENES
650 14 - • PUNTO DE ACCESO ADICIONAL DE MATERIA - TÉRMINO DE MATERIA
Término de materia o nombre geográfico como elemento inicial AUTORES AUSTRALIANOS
650 14 - • PUNTO DE ACCESO ADICIONAL DE MATERIA - TÉRMINO DE MATERIA
Término de materia o nombre geográfico como elemento inicial BESOS - LIBROS DE IMAGENES
650 14 - • PUNTO DE ACCESO ADICIONAL DE MATERIA - TÉRMINO DE MATERIA
Término de materia o nombre geográfico como elemento inicial DESDE LOS 18 MESES
650 14 - • PUNTO DE ACCESO ADICIONAL DE MATERIA - TÉRMINO DE MATERIA
Término de materia o nombre geográfico como elemento inicial LEER ES MI CUENTO - COLECCION 2011
650 14 - • PUNTO DE ACCESO ADICIONAL DE MATERIA - TÉRMINO DE MATERIA
Término de materia o nombre geográfico como elemento inicial RELACION PADRES - HIJOS - LIBROS DE IMAGENES
700 1# - • PUNTO DE ACCESO ADICIONAL - NOMBRE DE PERSONA
Nombre de persona Strevens - Marzo, Bridget
700 1# - • PUNTO DE ACCESO ADICIONAL - NOMBRE DE PERSONA
Nombre de persona Uribe, Verónica, 1967 -
942 ## - ENTRADA DE ELEMENTOS AGREGADOS (KOHA)
Fuente de clasificaión o esquema Dewey Decimal Classification
Koha [por defecto] tipo de item LIbro
Existencias
Perdido Fuente de clasificación o esquema Estado Físico No para préstamo Forma de adquisición Localización permanente Localización actual Localización en estanterías Fecha adquisición Préstamos totales Signatura completa Código de barras Fecha última consulta Número de copia Fecha del precio de reemplazo Tipo de item de Koha Serie de enumeración / cronolog&íacute;a Note pública
  Dewey Decimal Classification     Infantil Biblioteca Pública Puerto López - Jorge Eliecer Gaitán Biblioteca Pública Puerto López - Jorge Eliecer Gaitán General 05/15/2025     PLZ00657 05/15/2025 Ej.1 05/15/2025 LIbro    
        Colección Sala Infantil de Literatura Pocatil y Tilín Biblioteca Pública Departamental Eduardo Carranza - Villavicencio Biblioteca Pública Departamental Eduardo Carranza - Villavicencio Sala Infantil 06/07/2012   A WIL2 ECA21136 11/26/2024 Ej.1 11/26/2024 LIbro   15576 | 20306
  Dewey Decimal Classification     Sala Infantil Segundo Piso Biblioteca Pública Germán Arciniegas - Villavicencio Biblioteca Pública Germán Arciniegas - Villavicencio   12/04/2015   A WIL2 25131 12/04/2015 Ej. 1 12/04/2015 LIbro 27/jun/2012  
  Dewey Decimal Classification     Sala Infantil Segundo Piso Biblioteca Pública Germán Arciniegas - Villavicencio Biblioteca Pública Germán Arciniegas - Villavicencio   12/04/2015   A WIL2 25354 07/26/2024 Ej. 2 12/04/2015 LIbro 06/sep/2012  
  Dewey Decimal Classification     Infantil Biblioteca Pública Guamal Biblioteca Pública Guamal Sala Infantil 02/10/2023   A WIL2 GUA001028 02/10/2023 Ej.1 02/10/2023 Libro Infantil    
  Dewey Decimal Classification     Infantil Biblioteca Pública Mesetas - Franco lodo Poloxi Biblioteca Pública Mesetas - Franco lodo Poloxi   04/11/2025     9789588445182 04/11/2025 Ej.1 04/11/2025 LIbro    
  Dewey Decimal Classification     Infantil Biblioteca Pública Puerto Rico Biblioteca Pública Puerto Rico Sala Infantil 12/14/2022   WIL PR000000I190 12/14/2022 Ej.1 12/14/2022 Libro Infantil    
  Dewey Decimal Classification     Infantil Biblioteca Pública Puerto Rico Biblioteca Pública Puerto Rico Sala Infantil 12/14/2022   WIL PR000000I191 12/14/2022 Ej.1 12/14/2022 Libro Infantil    
  Dewey Decimal Classification     Infantil Biblioteca Pública San Juanito - Ernesto Maria Peña Romero Biblioteca Pública San Juanito - Ernesto Maria Peña Romero Sala Infantil 01/18/2024   A WIL2 SJU00140 01/18/2024 Ej.1 01/18/2024 LIbro    









Instituto Departamental de Cultura del Meta - Red Departamental de Bibliotecas Públicas del Meta.